000 00709nam a2200217 a 4500
001 0944
005 20140414132145.0
008 041008s19uu xx 00 eng d
020 _a0-590-39792-3
050 _aKIT (SER) 595.7
_bR27 1998
100 _aReid, Mary
245 _aBugs, bugs, bugs! /
_cMary Reid, Betsey Chessen.
260 _aNew York :
_bScholastic Inc.,
_c1998.
300 _a1 v. (unp.) ; ill.
440 _aScience emergent readers
500 _a"Scholastic early childhood"--Includes index
520 _aPhotographs and simple text show some of the diversity fond in anatomies of insects.
650 _aInsects
_xAnatomy
_xJuvenile literature
999 _c115420
_d115420